| 000 | 00993nam a2200313Ia 4500 | ||
|---|---|---|---|
| 003 | OSt | ||
| 005 | 20220912150717.0 | ||
| 006 | a|||||r|||| 00| 0 | ||
| 007 | ta | ||
| 008 | 220909b |||||||| |||| 00| 0 eng d | ||
| 020 | _a0898380642 (hbk) | ||
| 024 | _a31 | ||
| 037 | _b4433, 13/12/2011, New India Book Agency | ||
| 037 | _cTextual | ||
| 040 |
_aCSL _beng _cCSL |
||
| 041 | _aeng | ||
| 082 | _aB28931(X:8), N1 TOR | ||
| 100 | _aSpronk Jaap | ||
| 245 | 0 | _aInteractive multiple goal programming : Application to financial planning | |
| 260 |
_aBoston _bMartinus nijhoff publishing _c1981 |
||
| 300 |
_axii; 259p. _ccm. |
||
| 490 | _aInternational series in management science | ||
| 650 | _a Financial planning | ||
| 650 | _a Goal programming | ||
| 650 | _a Interactive multiple goal | ||
| 650 | _aOperational Research | ||
| 942 |
_hB28931(X:8), N1 TOR _cTEXL _2CC |
||
| 999 |
_c53089 _d53089 |
||